[Event "Rapid"]
[Site "SchemingMind.com"]
[Date "2014.02.12"]
[Round "-"]
[White "Simon Green"]
[Black "simpet"]
[Result "0-1"]
[WhiteCountry "ENG"]
[BlackCountry "ENG"]
[WhiteElo "1591"]
[WhiteRD "55"]
[BlackElo "1641"]
[BlackRD "54"]
[GameID "347813"]

1. d4 d5 2. e3 Bf5 3. f4 e6 4. Nf3 Bd6 5. Bd3 Bxd3 6. Qxd3 Nf6 7. Nbd2 Nc6 8. O-O Nb4 9. Qb5+ c6 10. Qxb7 O-O
11. Ne5 Nxc2 12. Nxc6 Qd7 13. Qxd7 Nxd7 14. Rb1 Nxe3 15. Rf3 Nf5 16. Nf1 Nb8 17. Nxb8 Raxb8 18. Be3 Rb4 19. a3 Rb3 20. Kf2 Rfb8
21. Nd2 Rxb2 22. Rxb2 Rxb2 23. g4 Nxe3 24. Kxe3 Bxa3 25. Ke2 Bb4 26. Rd3 Bxd2 27. Rxd2 Rxd2+ 28. Kxd2 Kf8 29. Kc3 Ke7 30. Kb4 Kd6
31. Kb5 f6 32. Ka6 e5 33. fxe5+ fxe5
0-1

[Event "Rapid"]
[Site "SchemingMind.com"]
[Date "2014.02.13"]
[Round "-"]
[White "CLewis73"]
[Black "fouche"]
[Result "0-1"]
[WhiteCountry "ENG"]
[BlackCountry "COL"]
[WhiteElo "1761"]
[WhiteRD "88"]
[BlackElo "1630"]
[BlackRD "64"]
[GameID "347830"]

1. e4 e6 2. d4 d5 3. Nc3 dxe4 4. Nxe4 Nf6 5. Bg5 Be7 6. Bxf6 Bxf6 7. Nf3 Nd7 8. Qd2 O-O 9. O-O-O Be7 10. Bd3 Nf6
11. h4 b6 12. Rdg1 Bb7 13. Nxf6+ Bxf6 14. c3 c5 15. dxc5 bxc5 16. h5 Qc7 17. Qc2 h6 18. Be4 Rad8 19. Rd1 Bxe4 20. Qxe4 Rxd1+
21. Rxd1 Rd8 22. Rxd8+ Qxd8 23. g4 Qd5 24. Qxd5 exd5 25. Kc2 Kf8 26. b3 Ke7 27. Kd3 Kd6 28. a4 a5 29. Ke3= Bxc3
0-1

[Event "Rapid"]
[Site "SchemingMind.com"]
[Date "2014.02.13"]
[Round "-"]
[White "fouche"]
[Black "CLewis73"]
[Result "1/2-1/2"]
[WhiteCountry "COL"]
[BlackCountry "ENG"]
[WhiteElo "1630"]
[WhiteRD "64"]
[BlackElo "1761"]
[BlackRD "88"]
[GameID "347831"]

1. d4 Nf6 2. c4 e6 3. Nc3 Bb4 4. e3 b6 5. Nf3 Bb7 6. Bd3 Ne4 7. Bd2 Nxc3 8. bxc3 Be7 9. O-O O-O 10. Re1 d6
11. e4 Nd7 12. d5 Nc5 13. Be3 Nxd3 14. Qxd3 c5 15. Rad1 e5 16. Qd2 Ba6 17. Qe2 f5 18. Bc1 fxe4 19. Qxe4 b5 20. cxb5 Bxb5
21. c4 Bd7 22. Qc2 Bg4 23. Re3 Bxf3 24. Rxf3 Rxf3 25. gxf3 Qf8 26. Qe4 Qf6 27. Kh1 Rf8 28. Rd3 Bd8=
1/2-1/2

[Event "Rapid"]
[Site "SchemingMind.com"]
[Date "2014.02.17"]
[Round "-"]
[White "CLewis73"]
[Black "emvarela"]
[Result "0-1"]
[WhiteCountry "ENG"]
[BlackCountry "ARG"]
[WhiteElo "1708"]
[WhiteRD "77"]
[BlackElo "1732"]
[BlackRD "45"]
[GameID "347832"]

1. e4 e5 2. Nf3 Nc6 3. c3 Nf6 4. d4 exd4 5. e5 Qe7 6. Qe2 Nd5 7. cxd4 d6 8. Bg5 f6 9. exf6 Nxf6 10. Qxe7+ Bxe7
11. Bb5 Bd7 12. O-O h6 13. Bxf6 Bxf6 14. Re1+ Ne7 15. Bxd7+ Kxd7 16. Nc3 c6 17. Re2 Rae8 18. Rae1 Nf5 19. Rxe8 Rxe8 20. Rd1 Nxd4
21. Nxd4 Bxd4 22. g3 Bxc3 23. bxc3 Re2
0-1

[Event "Rapid"]
[Site "SchemingMind.com"]
[Date "2014.02.17"]
[Round "-"]
[White "emvarela"]
[Black "CLewis73"]
[Result "1/2-1/2"]
[WhiteCountry "ARG"]
[BlackCountry "ENG"]
[WhiteElo "1732"]
[WhiteRD "45"]
[BlackElo "1708"]
[BlackRD "77"]
[GameID "347833"]

1. e4 Nf6 2. e5 Nd5 3. c4 Nb6 4. d4 d6 5. Nc3 dxe5 6. dxe5 Qxd1+ 7. Nxd1 g6 8. f4 Bg7 9. Nf3 Bg4 10. Nd4 O-O
11. Be3 Na6 12. h3 Bxd1 13. Rxd1 c6 14. Be2 Rad8 15. Kf2 Nc5 16. b3 Ne4+ 17. Kf3 Nc3 18. Rd2 Nxe2 19. Kxe2 e6 20. Rhd1 Nc8
21. Nf3 Rxd2+ 22. Rxd2 b6 23. Nd4 Ne7 24. g4 Rd8=
1/2-1/2

[Event "Rapid"]
[Site "SchemingMind.com"]
[Date "2014.02.13"]
[Round "-"]
[White "CLewis73"]
[Black "Scooter"]
[Result "1/2-1/2"]
[WhiteCountry "ENG"]
[BlackCountry "USA"]
[WhiteElo "1826"]
[WhiteRD "97"]
[BlackElo "1705"]
[BlackRD "45"]
[GameID "347834"]

1. e4 c6 2. Nc3 d5 3. Qf3 dxe4 4. Nxe4 Nd7 5. d4 Ngf6 6. Bc4 e6 7. Nxf6+ Qxf6 8. Be3 Be7 9. O-O-O Qxf3 10. Nxf3 O-O
11. Ne5 Nf6 12. Kb1 Nd5 13. Bd2 Bf6 14. Rhe1 Bxe5 15. dxe5 b5 16. Bxd5 cxd5 17. Be3 Bb7 18. f3 Rfc8 19. f4=
1/2-1/2

[Event "Rapid"]
[Site "SchemingMind.com"]
[Date "2014.02.13"]
[Round "-"]
[White "Scooter"]
[Black "CLewis73"]
[Result "1/2-1/2"]
[WhiteCountry "USA"]
[BlackCountry "ENG"]
[WhiteElo "1731"]
[WhiteRD "46"]
[BlackElo "1761"]
[BlackRD "88"]
[GameID "347835"]

1. d4 Nf6 2. Nf3 e6 3. Bg5 h6 4. Bxf6 Qxf6 5. e3 b6 6. Be2 Bb7 7. O-O d6 8. Nbd2 Nd7 9. c4 Be7 10. b4 O-O
11. Rc1 c5 12. bxc5 dxc5 13. Qc2 Rac8 14. Qa4 Bxf3 15. Bxf3 Rc7 16. Ne4 Qg6 17. dxc5 Nxc5 18. Nxc5 Bxc5 19. Rfd1 Qf6 20. Rd7 Rxd7
21. Qxd7 Qe7 22. Qxe7 Bxe7 23. Rd1 Rd8=
1/2-1/2

[Event "Rapid"]
[Site "SchemingMind.com"]
[Date "2014.02.12"]
[Round "-"]
[White "CLewis73"]
[Black "kenneth m day"]
[Result "0-1"]
[WhiteCountry "ENG"]
[BlackCountry "USA"]
[WhiteElo "1708"]
[WhiteRD "77"]
[BlackElo "1769"]
[BlackRD "48"]
[GameID "347836"]

1. e4 e5 2. Nf3 Nc6 3. c3 Nf6 4. d4 exd4 5. e5 Nd5 6. Qb3 Nb6 7. cxd4 d6 8. Bb5 Be6 9. Qc3 Bd5 10. O-O Be7
11. Bf4 O-O 12. a4 a6 13. Be2 Nd7 14. Nbd2 dxe5 15. dxe5 Be6 16. Rfd1 f6 17. Bc4 Bxc4 18. Qxc4+ Kh8 19. e6 Nb6 20. Qe2 Re8
21. Nc4 Qc8 22. Nxb6 cxb6 23. Rac1 Rd8 24. b4 Rxd1+ 25. Rxd1 Nxb4 26. Rd7 Bc5 27. Qe4 Nc6 28. Rc7 Qd8 29. Rxb7 Ne7 30. Bc7 Qd1+
31. Qe1 Qd5 32. Rb8+ Rxb8 33. Bxb8 Bd6 34. Bxd6 Qxd6 35. h3 f5 36. Qe5 Qxe5 37. Nxe5 g6 38. f4 Kg7 39. Nd7 b5 40. axb5 axb5
41. Kf2 b4 42. Ke2 Nd5 43. g3 Nc7 44. Nc5 Kf6
0-1

[Event "Rapid"]
[Site "SchemingMind.com"]
[Date "2014.02.12"]
[Round "-"]
[White "kenneth m day"]
[Black "CLewis73"]
[Result "1/2-1/2"]
[WhiteCountry "USA"]
[BlackCountry "ENG"]
[WhiteElo "1757"]
[WhiteRD "49"]
[BlackElo "1731"]
[BlackRD "79"]
[GameID "347837"]

1. e4 Nf6 2. e5 Nd5 3. d4 d6 4. c4 Nb6 5. f4 dxe5 6. fxe5 g6 7. Nf3 Bg7 8. Nc3 O-O 9. Be2 c5 10. d5 Bg4
11. Bf4 Bxf3 12. Bxf3 Nxc4 13. Qe2 Nb6 14. Rd1 N8d7 15. O-O Qc8 16. Rfe1 c4 17. h4 Nc5 18. h5 Nd3 19. Rxd3 cxd3 20. Qxd3 Qc4
21. Qxc4 Nxc4 22. Re2 Rfd8 23. b3 Nb6 24. hxg6 hxg6 25. Rd2 Rac8 26. Rd3 f5 27. Nb5 a6 28. Nc3 e6 29. d6 Rd7 30. Ne2 Kh7
31. Nd4 Re8 32. Be2 Nd5 33. Rh3+ Kg8 34. Bg3 f4 35. Nxe6 Rxe6 36. Bg4 Rxe5 37. Bxd7 fxg3 38. Rxg3 Re1+ 39. Kf2 Re5 40. Rxg6 Nf6
41. Bc8 Kh7 42. d7 Nxd7 43. Rg3 Nc5 44. Rf3 Rd5 45. b4 Rd2+ 46. Kg3 Rxa2 47. bxc5 Be5+ 48. Kh3 Ra5 49. Bxb7 Rxc5 50. Bxa6 Rc6
51. Bb7 Rh6+ 52. Kg4 Kg7 53. Rf5 Rg6+ 54. Rg5 Rxg5+ 55. Kxg5 Bf6+ 56. Kf5 Bh4 57. g4=
1/2-1/2

[Event "Rapid"]
[Site "SchemingMind.com"]
[Date "2014.02.13"]
[Round "-"]
[White "CLewis73"]
[Black "simpet"]
[Result "1-0"]
[WhiteCountry "ENG"]
[BlackCountry "ENG"]
[WhiteElo "1826"]
[WhiteRD "97"]
[BlackElo "1641"]
[BlackRD "54"]
[GameID "347838"]

1. e4 e5 2. Nf3 Nc6 3. c3 Bc5 4. d4 exd4 5. cxd4 Bb4+ 6. Bd2 d6 7. Bb5 Bd7 8. Bxc6 Bxd2+ 9. Nbxd2 Bxc6 10. O-O Nf6
11. e5 dxe5 12. dxe5 Nd5 13. Nd4 O-O 14. Nxc6 bxc6 15. Qa4 Qe8 16. Rfe1 Qe6 17. Rac1 Ne7 18. Nf3 h6 19. Nd4 Qg6 20. Nxc6
1-0

[Event "Rapid"]
[Site "SchemingMind.com"]
[Date "2014.02.13"]
[Round "-"]
[White "CLewis73"]
[Black "Simon Green"]
[Result "1/2-1/2"]
[WhiteCountry "ENG"]
[BlackCountry "ENG"]
[WhiteElo "1761"]
[WhiteRD "88"]
[BlackElo "1602"]
[BlackRD "54"]
[GameID "347840"]

1. e4 e6 2. d4 d5 3. Nc3 Nf6 4. Bg5 Be7 5. e5 Nfd7 6. h4 Bxg5 7. hxg5 Qxg5 8. Qd3 Nc6 9. Nf3 Qe7 10. Rxh7 Rg8
11. O-O-O b6 12. Qe3 Bb7 13. Qg5 f6 14. exf6 Nxf6 15. Rh3 O-O-O 16. Be2 Ne4 17. Qxe7 Nxe7 18. Nxe4 dxe4 19. Ng5 Kd7 20. Bc4 Bd5
21. Bxd5 exd5 22. Nf7 Rdf8 23. Ne5+ Kd6 24. f3 Nc6 25. fxe4 Nxe5 26. dxe5+ Kxe5 27. exd5 Kd6 28. c4 Rf2 29. Rg3 Re8 30. Rxg7 Ree2
31. Rg6+ Kc5 32. Rc6+ Kb4 33. Rd3 Rxb2 34. a3+ Ka4 35. Rxc7 Rfc2+ 36. Kd1 a5 37. d6 Rxg2 38. Kc1 Ra2 39. Kb1= Rxa3 40. Rxa3+ Kxa3
41. d7 Rd2=
1/2-1/2

[Event "Rapid"]
[Site "SchemingMind.com"]
[Date "2014.02.12"]
[Round "-"]
[White "Simon Green"]
[Black "CLewis73"]
[Result "1/2-1/2"]
[WhiteCountry "ENG"]
[BlackCountry "ENG"]
[WhiteElo "1632"]
[WhiteRD "57"]
[BlackElo "1708"]
[BlackRD "77"]
[GameID "347841"]

1. d4 Nf6 2. e3 e6 3. Bd3 c5 4. c3 d5 5. f4 Nc6 6. Nf3 Be7 7. O-O O-O 8. Nbd2 b6 9. Ne5 Qc7 10. Qe1 Nxe5
11. fxe5 Ng4 12. h3 Nh6 13. e4 f5 14. exd5 exd5 15. Nf3 c4 16. Bc2 Be6 17. Bxh6 gxh6 18. Qg3+ Kh8 19. Nh4 Rg8 20. Qf2 Bxh4
21. Qxh4 Qg7 22. Rf2 Qg5 23. Qxg5 Rxg5 24. Raf1 Rag8 25. Kh2 h5 26. Bxf5 Bxf5 27. Rxf5 Rxg2+ 28. Kh1 Rxb2 29. Rxh5 Rxa2 30. Rf7 Rg7
31. e6 Rxf7 32. exf7 Rf2 33. Rxd5 Rxf7 34. Kg2 a5 35. Rb5 Rf6 36. Kg3 Kg7 37. h4 Kf7 38. Kg4 Ke7 39. h5 h6 40. Kg3 Kd7
41. d5 Rd6 42. Kf4 a4 43. Ke5 a3 44. Rb1 Ke7=
1/2-1/2

[Event "Rapid"]
[Site "SchemingMind.com"]
[Date "2014.02.14"]
[Round "-"]
[White "CLewis73"]
[Black "elmar"]
[Result "0-1"]
[WhiteCountry "ENG"]
[BlackCountry "AZE"]
[WhiteElo "1761"]
[WhiteRD "88"]
[BlackElo "2043"]
[BlackRD "70"]
[GameID "347919"]

1. e4 e5 2. Nf3 Nc6 3. c3 Nf6 4. d4 exd4 5. e5 Ne4 6. Qe2 f5 7. exf6 d5 8. Nbd2 Qxf6 9. Nxe4 dxe4 10. Qxe4+ Qe6
11. Bd3 dxc3 12. bxc3 Bd7 13. Qxe6+ Bxe6 14. O-O O-O-O 15. Be4 Bd5 16. Bf5+ Kb8 17. Be3 g6 18. Bc2 Bg7 19. Nd4 Nxd4 20. Bxd4 Bxd4
21. cxd4 Bc4 22. Rfd1 Rd6 23. Bb3 Bxb3 24. axb3 Rhd8 25. Ra4 b5 26. Rb4 Rd5 27. Ra1 Kb7 28. Kf1 Kb6 29. Ke2 a5
0-1

[Event "Rapid"]
[Site "SchemingMind.com"]
[Date "2014.02.14"]
[Round "-"]
[White "elmar"]
[Black "CLewis73"]
[Result "1-0"]
[WhiteCountry "AZE"]
[BlackCountry "ENG"]
[WhiteElo "2043"]
[WhiteRD "70"]
[BlackElo "1761"]
[BlackRD "88"]
[GameID "347920"]

1. d4 Nf6 2. Nf3 e6 3. a3 b6 4. c4 Bb7 5. Bg5 Be7 6. e3 h6 7. Bxf6 Bxf6 8. Be2 O-O 9. O-O d6 10. Nc3 Nd7
11. Rc1 e5 12. d5 a5 13. Qc2 Re8 14. Ne4 Nc5 15. Nxf6+ Qxf6 16. b4 axb4 17. axb4 Nd7 18. Bd3 Nf8 19. Nd2 g6 20. Qc3 Qg7
21. Ra1 f5 22. e4 f4 23. c5 g5 24. Nc4 dxc5 25. bxc5 bxc5 26. Rxa8 Bxa8 27. Ra1 Qd7 28. Be2 g4 29. Ra7 Bxd5 30. Nb6 Qh7
31. Nxd5 Qxe4 32. Nf6+
1-0

[Event "Rapid"]
[Site "SchemingMind.com"]
[Date "2014.02.14"]
[Round "-"]
[White "fouche"]
[Black "elmar"]
[Result "0-1"]
[WhiteCountry "COL"]
[BlackCountry "AZE"]
[WhiteElo "1630"]
[WhiteRD "64"]
[BlackElo "2043"]
[BlackRD "70"]
[GameID "347921"]

1. d4 d5 2. Nf3 Bf5 3. e3 e6 4. Bd3 Bxd3 5. Qxd3 c6 6. O-O Nf6 7. c4 Bd6 8. Nc3 O-O 9. e4 dxe4 10. Nxe4 Nxe4
11. Qxe4 Nd7 12. Bg5 Nf6 13. Qd3 h6 14. Bh4 Be7 15. Rad1 Qb6 16. b3 Rfd8 17. Qc2 Rac8 18. Rd3 g5 19. Bg3 g4 20. Ne5 Rxd4
21. Rxd4 Qxd4 22. Rd1 Qe4 23. Qxe4 Nxe4 24. Rd7 Rd8 25. Kf1 Rxd7 26. Nxd7 Nxg3+ 27. hxg3 f6 28. a3 Kf7 29. b4 Ke8 30. Nc5 Bxc5
31. bxc5 e5 32. Ke2 f5 33. Kd3 Ke7 34. a4 e4+ 35. Kd4 Ke6 36. a5 Kf6 37. f3 exf3 38. gxf3 f4 39. fxg4 fxg3 40. Ke3 Kg5
41. Kf3 Kh4
0-1

[Event "Rapid"]
[Site "SchemingMind.com"]
[Date "2014.02.14"]
[Round "-"]
[White "elmar"]
[Black "fouche"]
[Result "1-0"]
[WhiteCountry "AZE"]
[BlackCountry "COL"]
[WhiteElo "2043"]
[WhiteRD "70"]
[BlackElo "1630"]
[BlackRD "64"]
[GameID "347922"]

1. d4 f5 2. c4 Nf6 3. g3 g6 4. Bg2 Bg7 5. Nc3 O-O 6. Nf3 d6 7. O-O Be6 8. Nd5 c6 9. Ng5 cxd5 10. Nxe6 Qa5
11. Nxf8 Kxf8 12. cxd5 Nbd7 13. Qd3 Nxd5 14. Bd2 Nb4 15. Qc4 Nb6 16. Qxb4 Qxb4 17. Bxb4 Rb8 18. e3 Nd7 19. Rac1 b6 20. Rc7 a5
21. Bxd6
1-0

[Event "Rapid"]
[Site "SchemingMind.com"]
[Date "2014.02.19"]
[Round "-"]
[White "emvarela"]
[Black "elmar"]
[Result "0-1"]
[WhiteCountry "ARG"]
[BlackCountry "AZE"]
[WhiteElo "1674"]
[WhiteRD "46"]
[BlackElo "2043"]
[BlackRD "70"]
[GameID "347923"]

1. e4 e5 2. Nf3 Nf6 3. Nxe5 d6 4. Nf3 Nxe4 5. d4 d5 6. Bd3 Be7 7. Bf4 O-O 8. Bxe4 dxe4 9. Ne5 Bg5 10. Bxg5 Qxg5
11. g3 Rd8 12. Nd2 Rxd4 13. Nxf7 Kxf7 14. Qe2 Bf5 15. Rd1 Nc6 16. O-O Rad8 17. Nb3 Rxd1 18. Rxd1 Ne5 19. h4 Nf3+ 20. Kg2 Nxh4+
21. Kh2 Nf3+ 22. Kg2 Bh3+ 23. Kh1 Qh5
0-1

[Event "Rapid"]
[Site "SchemingMind.com"]
[Date "2014.02.19"]
[Round "-"]
[White "elmar"]
[Black "emvarela"]
[Result "0-1"]
[WhiteCountry "AZE"]
[BlackCountry "ARG"]
[WhiteElo "2046"]
[WhiteRD "69"]
[BlackElo "1732"]
[BlackRD "45"]
[GameID "347924"]

1. e4 e5 2. Nf3 Nc6 3. Bc4 Nf6 4. d4 exd4 5. e5 d5 6. Bb5 Ne4 7. Nxd4 Bd7 8. Bxc6 Bxc6 9. Nxc6 bxc6 10. O-O Bc5
11. Qd4 Bxd4 12. c3 Bxe5 13. Nd2 Nxd2 14. Bxd2 Qd6 15. f4 Qc5+ 16. Kh1 Bf6 17. Rae1+ Kd7 18. Be3 Qa5 19. Ra1 Rhe8 20. Bg1 Re2
21. b4 Qa3 22. f5 Bxc3 23. Rac1 Bxb4 24. Rcd1 Bc5 25. Bxc5 Qxc5 26. f6 g6 27. a4 Rae8 28. Ra1 Qc2 29. Rg1 Qc3 30. Rab1 Re1
31. Rbxe1 Rxe1 32. h3 Rxg1+ 33. Kxg1 Qe1+ 34. Kh2 d4 35. h4 d3 36. Kh3 d2 37. h5 d1=Q
0-1

[Event "Rapid"]
[Site "SchemingMind.com"]
[Date "2014.02.14"]
[Round "-"]
[White "Scooter"]
[Black "elmar"]
[Result "0-1"]
[WhiteCountry "USA"]
[BlackCountry "AZE"]
[WhiteElo "1705"]
[WhiteRD "45"]
[BlackElo "1988"]
[BlackRD "82"]
[GameID "347925"]

1. d4 Nf6 2. Bf4 g6 3. Nf3 d5 4. e3 Bg7 5. Be2 O-O 6. O-O Nbd7 7. Nbd2 Nh5 8. Bg5 h6 9. Bh4 g5 10. Nxg5 hxg5
11. Bxh5 gxh4 12. h3 e5 13. dxe5 Nxe5 14. Rc1 d4 15. e4 c5 16. f4 Ng6 17. Qf3 Bh6 18. g4 Bxf4 19. Bxg6 fxg6 20. Qe2 g5
21. Nf3 Bxc1
0-1

[Event "Rapid"]
[Site "SchemingMind.com"]
[Date "2014.02.14"]
[Round "-"]
[White "elmar"]
[Black "Scooter"]
[Result "1-0"]
[WhiteCountry "AZE"]
[BlackCountry "USA"]
[WhiteElo "1988"]
[WhiteRD "82"]
[BlackElo "1705"]
[BlackRD "45"]
[GameID "347926"]

1. e4 c6 2. d4 d5 3. Nc3 dxe4 4. Nxe4 Bf5 5. Ng3 Bg6 6. Nf3 Nd7 7. Bd3 Bxd3 8. Qxd3 Qc7 9. O-O O-O-O 10. Ng5 Nh6
11. Nf5 Ng4 12. Qh3 Nh6 13. Nxh6 gxh6 14. Nxf7 Rg8 15. Nxd8 Qxd8 16. Bxh6 Bxh6 17. Qxh6 Nf6 18. Rad1 Qc7 19. Qh3+ Kb8 20. Rfe1
1-0

[Event "Rapid"]
[Site "SchemingMind.com"]
[Date "2014.02.14"]
[Round "-"]
[White "kenneth m day"]
[Black "elmar"]
[Result "0-1"]
[WhiteCountry "USA"]
[BlackCountry "AZE"]
[WhiteElo "1769"]
[WhiteRD "48"]
[BlackElo "2046"]
[BlackRD "69"]
[GameID "347927"]

1. e4 c5 2. d4 cxd4 3. c3 d3 4. Bxd3 e5 5. Nf3 Nc6 6. Bg5 Nf6 7. Nbd2 Be7 8. Qe2 O-O 9. Nc4 Qc7 10. O-O d6
11. Ne3 Be6 12. Nf5 Bxf5 13. exf5 d5 14. Nh4 e4 15. Bb5 Ne5 16. f3 a6 17. Ba4 Nd3 18. fxe4 dxe4 19. Bxf6 Bxf6 20. Qxe4 Qb6+
21. Kh1 Nf2+ 22. Rxf2 Qxf2 23. Nf3 Qxb2 24. Rb1 Qxa2 25. Bb3 Rae8 26. Qd3 Qf2 27. Rf1 Qe2 28. Qxe2 Rxe2 29. Bc4 Rb2 30. Nd4 b5
31. Bd3 Rc8 32. Ne2 Rd2
0-1

[Event "Rapid"]
[Site "SchemingMind.com"]
[Date "2014.02.14"]
[Round "-"]
[White "elmar"]
[Black "kenneth m day"]
[Result "1-0"]
[WhiteCountry "AZE"]
[BlackCountry "USA"]
[WhiteElo "2043"]
[WhiteRD "70"]
[BlackElo "1767"]
[BlackRD "48"]
[GameID "347928"]

1. e4 e5 2. Nf3 Nc6 3. Bc4 Bc5 4. O-O Nf6 5. d3 d6 6. h3 O-O 7. c3 Be6 8. Bxe6 fxe6 9. b4 Bb6 10. Nbd2 Nh5
11. Nc4 Nf4 12. Nxb6 axb6 13. b5 Ne7 14. d4 exd4 15. g3 Nfg6 16. Nxd4 Qd7 17. Qg4 Ne5 18. Qxe6+ Qxe6 19. Nxe6 Rfc8 20. f4 Nd3
21. Be3 c6 22. Rfd1 Nc5 23. Bxc5 dxc5 24. Rd7 Re8 25. Nc7 Rad8 26. Rad1 Rxd7 27. Rxd7
1-0

[Event "Rapid"]
[Site "SchemingMind.com"]
[Date "2014.02.14"]
[Round "-"]
[White "simpet"]
[Black "elmar"]
[Result "0-1"]
[WhiteCountry "ENG"]
[BlackCountry "AZE"]
[WhiteElo "1641"]
[WhiteRD "54"]
[BlackElo "1988"]
[BlackRD "82"]
[GameID "347929"]

1. e4 e5 2. Bc4 Nf6 3. Nc3 Bc5 4. Nf3 Nc6 5. d3 h6 6. O-O O-O 7. Qe2 d6 8. Nd5 Bg4 9. Be3 Nxd5 10. Bxd5 Nd4
11. Bxd4 exd4 12. h3 Bh5 13. g4 Bg6 14. h4 c6 15. Bb3 a5 16. a3 a4 17. Ba2 Qc7 18. h5 Bh7 19. Nh4 Kh8 20. f4 Rae8
21. g5 Rxe4 22. Qg2 Re3 23. Kh1 d5 24. Rf3 Bd6 25. f5 Rfe8 26. Raf1 Re2 27. R3f2 Rxf2 28. Qxf2 Bg3 29. Qxd4 hxg5 30. Ng6+ fxg6
31. fxg6 Re2 32. Rf7 Qe5 33. Qxe5 Bxe5 34. gxh7 Rh2+ 35. Kg1 Rxc2 36. Rxb7 Bxb2 37. Rc7 Bd4+ 38. Kf1 Rxa2
0-1

[Event "Rapid"]
[Site "SchemingMind.com"]
[Date "2014.02.14"]
[Round "-"]
[White "elmar"]
[Black "simpet"]
[Result "1-0"]
[WhiteCountry "AZE"]
[BlackCountry "ENG"]
[WhiteElo "1988"]
[WhiteRD "82"]
[BlackElo "1641"]
[BlackRD "54"]
[GameID "347930"]

1. e4 e5 2. Nf3 Nc6 3. Bc4 Bc5 4. Nc3 d6 5. h3 Nf6 6. O-O O-O 7. Re1 a6 8. a3 Qe7 9. d3 Be6 10. Nd5 Nxd5
11. exd5 Bxh3 12. dxc6 bxc6 13. gxh3 Kh8 14. d4 Bb6 15. dxe5 d5 16. Bd3 Qc5 17. Be3 Qe7 18. Bf1 f5 19. exf6 Qxf6 20. Bg2 Rad8
21. c3 Rde8 22. Qd2 Re7 23. Bd4 Bxd4 24. Qxd4 Ref7 25. Rad1 Qd6 26. Re3 c5 27. Qxd5 Qb6 28. Qxf7
1-0

[Event "Rapid"]
[Site "SchemingMind.com"]
[Date "2014.02.14"]
[Round "-"]
[White "Simon Green"]
[Black "elmar"]
[Result "0-1"]
[WhiteCountry "ENG"]
[BlackCountry "AZE"]
[WhiteElo "1591"]
[WhiteRD "55"]
[BlackElo "1988"]
[BlackRD "82"]
[GameID "347931"]

1. d4 Nf6 2. e3 d5 3. Bd3 Nbd7 4. f4 c5 5. c3 c4 6. Bc2 b5 7. Nf3 Nb6 8. O-O Bg4 9. Nbd2 e6 10. Qe1 Bf5
11. Bxf5 exf5 12. Ne5 Bd6 13. Qg3 Bxe5 14. fxe5 Nh5 15. Qf3 g6 16. g4 Ng7 17. gxf5 Qg5+ 18. Qg3 Qxg3+ 19. hxg3 Nxf5 20. Kf2 h5
21. Nf3 O-O 22. Nh4 Nxh4 23. gxh4 f6 24. exf6 Rxf6+ 25. Ke2 Rxf1 26. Kxf1 Rf8+ 27. Ke2 Na4 28. Rb1 Re8 29. Bd2 Re4 30. b3 Nb6
31. bxc4 bxc4 32. Rh1 Nd7 33. Be1 Nf6 34. Rg1 Kf7 35. Bg3 Ne8 36. Bf4 Ng7 37. Rg5 Nf5 38. Kf2 Nxh4 39. Rxd5 Nf5 40. Rd7+ Re7
41. Rxe7+ Kxe7 42. Kf3 Ke6 43. Be5 g5 44. e4 Nd6 45. a4 a6 46. Ke3 h4 47. Kf3 g4+ 48. Kxg4 Nxe4 49. Kf3 Nxc3 50. a5 Kd5
51. Ke3 Nb5
0-1

[Event "Rapid"]
[Site "SchemingMind.com"]
[Date "2014.02.14"]
[Round "-"]
[White "elmar"]
[Black "Simon Green"]
[Result "1-0"]
[WhiteCountry "AZE"]
[BlackCountry "ENG"]
[WhiteElo "1988"]
[WhiteRD "82"]
[BlackElo "1591"]
[BlackRD "55"]
[GameID "347932"]

1. e4 e6 2. d4 d5 3. e5 c5 4. c3 c4 5. Nf3 Nc6 6. Be2 Bd7 7. O-O Qc7 8. b3 b5 9. bxc4 bxc4 10. Qc2 Be7
11. Bg5 f5 12. Rd1 Bxg5 13. Nxg5 Nge7 14. Na3 O-O 15. Qc1 g6 16. Qe3 Kg7 17. Nb5 Qa5 18. Nd6 Rab8 19. Rdb1 Rxb1+ 20. Rxb1 Rb8
21. Rxb8 Nxb8 22. Ngf7 Ng8 23. g4 Qa4 24. gxf5 exf5 25. e6 Be8 26. Ng5 Nf6 27. Qe5 Qc6 28. e7 Nd7 29. Nxe8+
1-0

[Event "Rapid"]
[Site "SchemingMind.com"]
[Date "2014.02.18"]
[Round "-"]
[White "CLewis73"]
[Black "SAMAEL"]
[Result "0-1"]
[WhiteCountry "ENG"]
[BlackCountry "CAN"]
[WhiteElo "1708"]
[WhiteRD "77"]
[BlackElo "1759"]
[BlackRD "59"]
[GameID "348127"]

1. e4 e5 2. Nf3 d6 3. Bc4 h6 4. O-O Nf6 5. Nc3 Be7 6. d4 exd4 7. Nxd4 O-O 8. Be3 Bd7 9. f4 Nc6 10. a3 a6
11. Qf3 Nxd4 12. Bxd4 c6 13. Rad1 Bg4 14. Qg3 Bxd1 15. Rxd1 Qc8 16. e5 Ne8 17. exd6 Bxd6 18. Ne4 Be7 19. Qf3 Kh8 20. g4 f5
21. gxf5 Qxf5 22. Be3 Nf6 23. Nxf6 Bxf6 24. Bd3 Qe6 25. b3 Rae8 26. Bf2 Qf7 27. Bc4= Qg6+ 28. Qg2 Qxg2+ 29. Kxg2 Be7 30. Rd7 Bxa3
31. Rxb7 Rxf4 32. Rb6 Rxf2+
0-1

[Event "Rapid"]
[Site "SchemingMind.com"]
[Date "2014.02.18"]
[Round "-"]
[White "SAMAEL"]
[Black "CLewis73"]
[Result "0-1"]
[WhiteCountry "CAN"]
[BlackCountry "ENG"]
[WhiteElo "1759"]
[WhiteRD "59"]
[BlackElo "1708"]
[BlackRD "77"]
[GameID "348128"]

1. e4 Nf6 2. e5 Nd5 3. c4 Nb6 4. d4 d6 5. exd6 cxd6 6. Nf3 g6 7. Be2 Bg7 8. h3 O-O 9. O-O Bf5 10. Re1 e5
11. Nc3 e4 12. Nh2 Nc6 13. a3 Qe7 14. Be3 Na5 15. b3 Rac8 16. Rc1 Rfd8 17. Nf1 Nc6 18. d5 Ne5 19. Ng3 Qh4 20. Nxf5 gxf5
21. Qd2 h6 22. Bf4 Nd3 23. Bxd3 exd3 24. Be3 Nd7 25. f4 a6 26. Qxd3 Bxc3 27. Qxc3 Nf6 28. Qd4 Ne4 29. Qd1 Kh7 30. Qf3 Rg8
31. Rc2 Qxe1+
0-1

[Event "Rapid"]
[Site "SchemingMind.com"]
[Date "2014.02.18"]
[Round "-"]
[White "fouche"]
[Black "SAMAEL"]
[Result "1-0"]
[WhiteCountry "COL"]
[BlackCountry "CAN"]
[WhiteElo "1609"]
[WhiteRD "64"]
[BlackElo "1720"]
[BlackRD "55"]
[GameID "348129"]

1. e4 e5 2. f4 d6 3. Nf3 exf4 4. d4 Nf6 5. Nc3 Nc6 6. Bxf4 Be7 7. Bb5 Bd7 8. O-O a6 9. Ba4 h6 10. a3 Nh7
11. Qe2 Ng5 12. Rad1 O-O 13. d5 Nxf3+ 14. Qxf3 Ne5 15. Bxe5 dxe5 16. Bxd7 Qxd7 17. Rd2 Rad8 18. Nd1 f6 19. c4 c6 20. Ne3 Bc5
21. b4 Bxe3+ 22. Qxe3 Qc7 23. Rfd1 cxd5 24. cxd5 Rd6 25. Rd3 Rc8 26. h3 a5 27. Rb1 a4 28. Rdd1 b5 29. Rdc1 Qb7 30. Rxc8+ Qxc8
31. Rc1 Qb7 32. Rc5 Kf8 33. Qd3 Ke8 34. Qxb5+ Qxb5 35. Rxb5 Ra6 36. Kf2 Ra7 37. Ke2 Kd7 38. Kd3 g6 39. Kc4 h5 40. Ra5 Rxa5
41. bxa5 f5 42. Kd3 fxe4+ 43. Kxe4 Kd6 44. h4
1-0

[Event "Rapid"]
[Site "SchemingMind.com"]
[Date "2014.02.19"]
[Round "-"]
[White "SAMAEL"]
[Black "fouche"]
[Result "0-1"]
[WhiteCountry "CAN"]
[BlackCountry "COL"]
[WhiteElo "1759"]
[WhiteRD "59"]
[BlackElo "1628"]
[BlackRD "63"]
[GameID "348130"]

1. d4 d5 2. e3 Nf6 3. Nf3 e6 4. c4 c6 5. Nc3 Bd6 6. Be2 O-O 7. O-O Nbd7 8. Bd2 e5 9. dxe5 Nxe5 10. Nxe5 Bxe5
11. Rc1 Be6 12. cxd5 Nxd5 13. Nxd5 Bxd5 14. Bc3 Qg5 15. g3 Bxc3 16. Rxc3 Rad8 17. Qc2 Rfe8 18. Re1 Be4 19. Bd3 Qg4 20. Bxe4 Qxe4
21. Qxe4 Rxe4 22. Rec1 Kf8 23. f3 Re7 24. Kf2 Rd2+ 25. Kg1 Rxb2 26. a3 Re2 27. e4 Rd7 28. R3c2 Rdd2 29. Rxd2 Rxd2 30. Rb1 b5
31. Rb3 Ke7 32. a4 a6 33. e5 Ke6 34. f4 Kf5 35. axb5 axb5 36. Rc3 b4 37. Rxc6 b3
0-1